Najčítanejšie knihy v dejinách

Bibliographic Details
Main Author: Švihran, Ladislav, 1931-2022 (Author)
Format: Article
Language:Slovak
PhysicalDescription:Obr. 4.
Subjects:

MARC

LEADER 00000nab a2200000 a 4500
001 vtls000316180
003 SK-MaSNL
005 20260304005954.0
008 111201c1978 xo 0 slo
015 |a SNBRB19rr/mm-uuuuu 
035 |a CL0006272 
040 |a SNKBUCL  |b slo  |c SNKBUCL  |e AACR2 
041 0 |a slo 
044 |a xo  |c SK 
080 |a 1 100.1  |2 1981 
100 1 |a Švihran, Ladislav,  |d 1931-2022  |4 aut  |9 110359 
245 1 0 |a Najčítanejšie knihy v dejinách  |c Ladislav Švihran 
300 |b Obr. 4. 
600 1 7 |a Lenin, Vladimir Iľjič,  |d 1870-1924  |2 snkbucl  |9 101472 
655 7 |a články z novín a časopisov  |2 snkbucl  |9 267496 
773 0 |t Život  |g Roč. 28, č. 17 (20. 4. 1978), s. 44 
850 |a Slovenská národná knižnica v Martine  |a MTA001 
852 |a SNK  |b KIS3GCP 
958 |a RK 
992 |a RBX 
999 |c 2558421  |d 2560351